انتالیس(۳۹)بڑےآدمی (Record no. 608084)

000 -LEADER
fixed length control field 00624nam a2200205 a 4500
003 - CONTROL NUMBER IDENTIFIER
control field OSt
005 - DATE AND TIME OF LATEST TRANSACTION
control field 20240223110442.0
008 - FIXED-LENGTH DATA ELEMENTS--GENERAL INFORMATION
fixed length control field 180215t pk g |||| 000 e urd d
020 ## - INTERNATIONAL STANDARD BOOK NUMBER
International Standard Book Number 000000341462
Terms of availability Rs. 200.00
040 ## - CATALOGING SOURCE
Transcribing agency 0
082 ## - DEWEY DECIMAL CLASSIFICATION NUMBER
Classification number 891.4243
Author Mark KAR
100 1# - MAIN ENTRY--PERSONAL NAME
Personal name Karnegi, Dail
9 (RLIN) 121230
245 10 - TITLE STATEMENT
Title انتالیس(۳۹)بڑےآدمی
Statement of responsibility, etc. Dail Karnegi.
246 ## - VARYING FORM OF TITLE
Title proper/short title 39 Bary Adami.
260 ## - PUBLICATION, DISTRIBUTION, ETC.
Place of publication, distribution, etc. Lahore:
Name of publisher, distributor, etc. Al Hamad Pub.;
Date of publication, distribution, etc. [N.D}
300 ## - PHYSICAL DESCRIPTION
Extent 192 p.
650 ## - SUBJECT ADDED ENTRY--TOPICAL TERM
Topical term or geographic name entry element Motivation
9 (RLIN) 121231
942 ## - ADDED ENTRY ELEMENTS (KOHA)
Source of classification or shelving scheme
Koha item type Book
Institution code [OBSOLETE] SADA
Call number prefix 891.4243 KAR
Holdings
Withdrawn status Lost status Source of classification or shelving scheme Damaged status Not for loan Permanent Location Current Location Date acquired Source of acquisition Total Checkouts Full call number Barcode Date last seen Cost, replacement price Price effective from Koha item type
          School of Art Design and Architecture (SADA) School of Art Design and Architecture (SADA) 02/09/2018 Donation   891.4243 KAR SADAD0000208 02/23/2024 140.00 02/23/2024 Book
© 2023 Central Library, National University of Sciences and Technology. All Rights Reserved.